| 000 | 00511 a2200181 4500 | ||
|---|---|---|---|
| 003 | OSt | ||
| 005 | 20231202113710.0 | ||
| 008 | 231202b |||||||| |||| 00| 0 eng d | ||
| 020 | _a9789390574551 | ||
| 040 | _coclc | ||
| 082 |
_a894.8123 _bSHA/K |
||
| 100 |
_aShajikumar, P V _98245 |
||
| 245 |
_aKidapparasamaram / _cP.V. Shajikumar |
||
| 250 | _a4th ed. | ||
| 260 |
_aKozhikode: _bMathrubhumi Books, _c2021. |
||
| 300 | _a120p. | ||
| 942 |
_2ddc _cBK _h894.8123 _iSHA/K _k894.8123 _mSHA/K |
||
| 999 |
_c43933 _d43933 |
||